El judaísmo español y la Inquisición / (Record no. 11401)

MARC details
000 -LEADER
campo de control de longitud fija 00819nam a2200277 i 4500
001 - NÚMERO DE CONTROL
campo de control 11401
003 - IDENTIFICADOR DE NÚMERO DE CONTROL
campo de control ES-MaACL
005 - FECHA Y HORA DE LA ÚLTIMA TRANSACCIÓN
campo de control 20230906150107.0
007 - CAMPO FIJO DE DESCRIPCIÓN FÍSICA--INFORMACIÓN GENERAL
campo de control de longitud fija t|
008 - DATOS DE LONGITUD FIJA--INFORMACIÓN GENERAL
campo de control de longitud fija 921027s1992 sp |||| | spa j
020 ## - NÚMERO INTERNACIONAL ESTÁNDAR DEL LIBRO
Número Internacional Estándar del Libro 84-7100-602-2
080 ## - NÚMERO DE LA CLASIFICACIÓN DECIMAL UNIVERSAL
Número de la Clasificación Decimal Universal 9(=924:460.18)"13/14"
080 ## - NÚMERO DE LA CLASIFICACIÓN DECIMAL UNIVERSAL
Número de la Clasificación Decimal Universal 262.136.12(460.18)"13/14"
100 1# - ENTRADA PRINCIPAL--NOMBRE DE PERSONA
Nombre de persona Carrete Parrondo, Carlos.
9 (RLIN) 35709
245 13 - MENCIÓN DEL TÍTULO
Título El judaísmo español y la Inquisición /
Mención de responsabilidad, etc. Carlos Carrete Parrondo.
260 ## - PUBLICACIÓN, DISTRIBUCIÓN, ETC.
Lugar de publicación, distribución, etc. Madrid :
Nombre del editor, distribuidor, etc. MAPFRE,
Fecha de publicación, distribución, etc. [1992]
300 ## - DESCRIPCIÓN FÍSICA
Extensión 227 p. ;
Dimensiones 23 cm.
490 1# - MENCIÓN DE SERIE
Mención de serie Sefarad ;
Designación de volumen o secuencia 7
500 ## - NOTA GENERAL
Nota general Índices.
504 ## - NOTA DE BIBLIOGRAFÍA, ETC.
Nota de bibliografía, etc. Bibliografía: p. 217-218.
650 14 - PUNTO DE ACCESO ADICIONAL DE MATERIA--TÉRMINO DE MATERIA
Término de materia o nombre geográfico como elemento de entrada Judíos-
Subdivisión geográfica Castilla (Reino)
9 (RLIN) 13977
650 14 - PUNTO DE ACCESO ADICIONAL DE MATERIA--TÉRMINO DE MATERIA
Término de materia o nombre geográfico como elemento de entrada Inquisición-
Subdivisión geográfica Castilla (Reino)
9 (RLIN) 168946
830 0# - PUNTO DE ACCESO ADICIONAL DE SERIE-TÍTULO UNIFORME
Título uniforme Sefarad ;
Designación de volumen o secuencia 7
9 (RLIN) 179050
852 ## - LOCALIZACIÓN
Ubicación ES-MaACL
Número de control de estantería L-18726
Holdings
Estatus retirado Estado de pérdida Estado de daño No para préstamo Biblioteca de origen Biblioteca actual Ubicación en estantería Fecha de adquisición Fuente de adquisición Total de préstamos Signatura topográfica completa Código de barras Visto por última vez Precio de reemplazo Tipo de ítem Koha
        Biblioteca del Ateneo de Madrid Biblioteca del Ateneo de Madrid Depósito 2 17/01/2008     L-18726 1011624 23/02/2023 23/02/2023 Libro impreso